000 00577nam a2200229Ia 4500
003 OSt
005 20220916110930.0
006 a|||||r|||| 00| 0
007 ta
008 Pun
024 _a11,173
037 _cTextbook
040 _bPun
_aARTS
_cARTS
041 _aPun
082 _aO153,1N262x, L3
100 _aਪੁਰੀ, ਕੈਲਾF
245 0 _aਲਹੂ ਦਾ ਸਖ਼ਰ
260 _c1973
650 _aਪੰਜਾਬੀ ਸਾਹਿਤ
942 _hO153,1N262x, L3
_cTB
_2CC
999 _c101684
_d101684